Hijo, heta na koníčku... 10 divov Slovenska
| Main Author: | |
|---|---|
| Format: | Article |
| Language: | Slovak |
| ISSN: | 0139-911X |
| Subjects: |
MARC
| LEADER | 00000nab a2200000 a 4500 | ||
|---|---|---|---|
| 001 | vtls011565816 | ||
| 003 | SK-MaSNL | ||
| 005 | 20260303230438.0 | ||
| 008 | 160711 2016xo m 000 0 slo | ||
| 015 | |a SNKBRB 2016/07 | ||
| 038 | |a KEKMK | ||
| 040 | |a KEKMK |b slo |c KEKMK |e AACR2 | ||
| 041 | |a slo | ||
| 044 | |a xo |c SK | ||
| 100 | 1 | |a Donoval, Ján, |d 1941- |4 aut |9 239939 | |
| 245 | 1 | 0 | |a Hijo, heta na koníčku... |b 10 divov Slovenska |c Ján Donoval |
| 650 | 0 | 7 | |a literatúra pre deti |2 snkbucl |9 55721 |
| 773 | 0 | |t Slniečko |g Roč. 70, č. 10 (jún 2016), s. 12-14 |x 0139-911X | |
| 958 | |a DB | ||
| 999 | |c 2262021 |d 2263951 | ||


